Strzelcy bramek w 28 kolejce Ekstraklasy w sezonie 20/21. - Statystyki

Ogólne statystyki
  • Ten quiz został rozwiązany 12 razy
  • Średni wynik to 7 z 12
Statystyki odpowiedzi
Lata Drużyna % Poprawnych
Wisła Płock - Lechia Gdańsk 0:1 Paixao
100%
Lech Poznań - Stal Mielec 1:0 Puchacz
67%
Piast Gliwice - Podbeskidzie 1:0 Świerczok
67%
Piast Gliwice - Podbeskidzie 2:0 Świerczok
67%
Pogoń Szczecin - Warta Poznań 0:1 Baku
58%
Lech Poznań - Stal Mielec 1:2 De Amo
58%
Cracovia - Górnik Zabrze 1:0 Hanca
58%
Lech Poznań - Stal Mielec 1:1 (Bramka Samobójcza) Kravets
58%
Wisła Płock - Lechia Gdańsk 1:3 Ceesay
42%
Pogoń Szczecin - Warta Poznań 1:1 Kurzawa
42%
Wisła Płock - Lechia Gdańsk 1:1 Kocyła
33%
Wisła Płock - Lechia Gdańsk 1:2 Kopacz
33%
Nie znaleziono quizów pasujących do podanych kryteriów
Rozkład punktacji
Procent ludzi z każdym wynikiem
Percentyl według liczby udzielonych odpowiedzi
Twoja historia wyników
Nie rozwiązałeś tego quizu